[Event "COL-ch sf"]
[Site "Pereira"]
[Date "2024.03.26"]
[Round "2"]
[White "Palencia Morales, Wilson Guillermo"]
[Black "Tobar Beltran, Carlos Andres"]
[Result "1-0"]
[WhiteElo "2180"]
[BlackElo "1946"]
[PlyCount "109"]
[EventDate "2024.03.26"]
[EventType "swiss"]
[EventRounds "11"]
[EventCountry "COL"]
[SourceTitle "CB14_2024"]
[SourceDate "2024.04.01"]
[SourceVersion "1"]
[SourceVersionDate "2024.04.01"]
[SourceQuality "1"]

1. d4 d5 2. Nf3 Nf6 3. c4 e6 4. Nc3 c6 5. e3 Nbd7 6. Bd3 Bb4 7. Qb3 Qe7 8. a3 Bxc3+ 9. Qxc3 a5 10. 0-0 0-0 11. Rb1 Re8 12. b4 axb4 13. axb4 dxc4 14. Qxc4 e5 15. dxe5 Nxe5 16. Nxe5 Qxe5 17. Bb2 Qg5 18. Qc2 Kh8 19. Bd4 Be6 20. f4 Qh6 21. e4 Red8 22. Qc3 Ra2 23. Rf3 Bg4 24. Rg3 Be2 25. Bxe2 Rxe2 26. Qf3 Rxd4 27. Qxe2 Rxe4 28. Re3 Qxf4 29. Rxe4 Qxe4 30. Qxe4 Nxe4 31. Rd1 h6 32. Rd7 b6 33. Rxf7 c5 34. Rb7 cxb4 35. Rxb6 Kh7 36. Rxb4 Nf6 37. Ra4 h5 38. Kf2 Kg6 39. Kf3 Kg5 40. h4+ Kf5 41. Ra5+ Kg6 42. Kf4 Ng4 43. Ra6+ Nf6 44. Rc6 Kh7 45. Kg5 Nd5 46. Kxh5 Nf4+ 47. Kg4 Ng6 48. Ra6 Ne5+ 49. Kf5 Nf7 50. g4 Nh6+ 51. Kf4 Ng8 52. h5 Ne7 53. Kg5 Ng8 54. Re6 Nh6 55. Rxh6+ 1-0

[Event "Pereira Fiestas de la Cosecha op"]
[Site "Pereira"]
[Date "2023.08.25"]
[Round "3"]
[White "Tobar Beltran, Carlos Andres"]
[Black "Centanaro Erazo, Nicolle Daniela"]
[Result "1-0"]
[WhiteElo "1819"]
[BlackElo "1399"]
[PlyCount "83"]
[EventDate "2023.08.24"]
[EventType "swiss"]
[EventRounds "7"]
[EventCountry "COL"]
[SourceTitle "EXT 2024"]
[Source "ChessBase"]
[SourceDate "2023.10.10"]
[SourceVersion "1"]
[SourceVersionDate "2023.10.10"]
[SourceQuality "1"]

1. b3 d5 2. Bb2 Nc6 3. Nf3 Nf6 4. e3 Bg4 5. d4 e6 6. Nbd2 Bb4 7. Be2 Qe7 8. a3 Ba5 9. b4 Bb6 10. c4 dxc4 11. Nxc4 0-0 12. 0-0 Rfd8 13. Rc1 Rac8 14. Nfe5 Nxe5 15. Nxe5 Bxe2 16. Qxe2 c6 17. Rfd1 Nd7 18. Nc4 Bc7 19. e4 Nb6 20. Ne3 Qh4 21. e5 Nd5 22. Qf3 Rd7 23. g3 Qe7 24. Qe2 Rcd8 25. b5 cxb5 26. Qxb5 Bb6 27. Nc4 Nc7 28. Qb3 Bxd4 29. Bxd4 Rxd4 30. Rxd4 Rxd4 31. Qxb7 Nd5 32. Qb8+ Qf8 33. Qxa7 Rd3 34. Nd6 Ne7 35. Rc7 h6 36. Rxe7 Rxa3 37. Qb7 Rb3 38. Qd7 Rb1+ 39. Kg2 Qa8+ 40. Nb7 Qa1 41. Qd8+ Kh7 42. Qd3+ 1-0

[Event "Medellin Flores op 30th"]
[Site "Medellin"]
[Date "2023.08.07"]
[Round "8"]
[White "Rodriguez, G."]
[Black "Tobar Beltran, Carlos Andres"]
[Result "0-1"]
[WhiteElo "2016"]
[BlackElo "1819"]
[PlyCount "114"]
[EventDate "2023.08.03"]
[EventType "swiss"]
[EventRounds "9"]
[EventCountry "COL"]
[SourceTitle "CBM 215 Extra"]
[Source "ChessBase"]
[SourceDate "2023.09.30"]
[SourceVersion "1"]
[SourceVersionDate "2023.09.30"]
[SourceQuality "1"]

1. g3 Nf6 2. Bg2 e6 3. e3 d5 4. Ne2 c5 5. b3 Nc6 6. Bb2 Be7 7. d3 Qc7 8. c4 a6 9. 0-0 0-0 10. cxd5 Nxd5 11. Nbc3 Nf6 12. Rc1 b6 13. d4 Bb7 14. Na4 Rfd8 15. Qc2 Nb4 16. Qb1 Bxg2 17. Kxg2 Qb7+ 18. Kg1 Qf3 19. Nf4 Ne4 20. Nxb6 Nd2 21. Qa1 Nxf1 22. Nxa8 Nxe3 23. fxe3 Qxe3+ 24. Kg2 Qe4+ 25. Kg1 g5 26. Ng2 Qxa8 27. d5 Nd3 28. Bh8 e5 29. Ne3 Kxh8 30. Rd1 Rxd5 31. Nxd5 Qxd5 32. Rxd3 Qxd3 33. Qxe5+ Kg8 34. Qxe7 Qb1+ 35. Kg2 Qxa2+ 36. Kh3 h6 37. Qe8+ Kg7 38. Qe5+ Kg6 39. Qe4+ Kf6 40. Qf3+ Kg7 41. Qc3+ Kg8 42. Qxc5 Qxb3 43. Qc8+ Kg7 44. Qxa6 Qe6+ 45. Qxe6 fxe6 46. Kg4 Kg6 47. Kf3 h5 48. Ke4 Kf6 49. h3 e5 50. Ke3 Kf5 51. Kf3 e4+ 52. Ke3 Ke5 53. Ke2 Kd4 54. h4 g4 55. Kd2 e3+ 56. Ke1 e2 57. Kf2 e1Q+ 0-1

[Event "Medellin Flores op 30th"]
[Site "Medellin"]
[Date "2023.08.06"]
[Round "7"]
[White "Tobar Beltran, Carlos Andres"]
[Black "Loaiza Cuervo, Santiago"]
[Result "1/2-1/2"]
[WhiteElo "1819"]
[BlackElo "2079"]
[PlyCount "20"]
[EventDate "2023.08.03"]
[EventType "swiss"]
[EventRounds "9"]
[EventCountry "COL"]
[SourceTitle "CBM 215 Extra"]
[Source "ChessBase"]
[SourceDate "2023.09.30"]
[SourceVersion "1"]
[SourceVersionDate "2023.09.30"]
[SourceQuality "1"]

1. b3 c5 2. Bb2 d6 3. c4 Nc6 4. Nf3 e5 5. d3 g6 6. g3 Bg7 7. Bg2 Nge7 8. 0-0 0-0 9. Nc3 f5 10. e3 h6 1/2-1/2

[Event "COL-ch U26"]
[Site "Cali"]
[Date "2022.09.29"]
[Round "4"]
[White "Tobar Beltran, Carlos Andres"]
[Black "Castaneda Jimenez, Jhon David"]
[Result "1-0"]
[WhiteElo "1812"]
[BlackElo "2120"]
[PlyCount "77"]
[EventDate "2022.09.28"]
[EventType "swiss"]
[EventRounds "6"]
[EventCountry "COL"]
[SourceTitle "CBM 210 Extra"]
[Source "ChessBase"]
[SourceDate "2022.11.30"]
[SourceVersion "1"]
[SourceVersionDate "2022.11.30"]
[SourceQuality "1"]

1. d4 Nf6 2. Nf3 e6 3. Bf4 b6 4. h3 Bb7 5. e3 c5 6. Nbd2 cxd4 7. exd4 Be7 8. c3 0-0 9. Bd3 d6 10. 0-0 a6 11. a4 Nbd7 12. Qe2 Ra7 13. Nc4 Qb8 14. Rfe1 Re8 15. Ng5 Bf8 16. Qc2 g6 17. Qe2 Ba8 18. f3 Nh5 19. Bh2 f5 20. g4 Ng7 21. gxf5 gxf5 22. Qg2 Bd5 23. h4 h6 24. Nh3 Nf6 25. Bf4 Kh7 26. Bxh6 Kxh6 27. Qg5+ Kh7 28. Qxf6 Nh5 29. Ng5+ Kg8 30. Qg6+ Rg7 31. Qxh5 Be7 32. Ne3 Bc6 33. Bxf5 Bxg5 34. hxg5 exf5 35. Nxf5 d5 36. Kg2 Rh7 37. Qg6+ Kh8 38. Qf6+ Kg8 39. Nh6+ 1-0

[Event "COL-ch U26"]
[Site "Cali"]
[Date "2022.09.28"]
[Round "1"]
[White "Tobar Beltran, Carlos Andres"]
[Black "Soto Gonzalez, Miguel Angel"]
[Result "0-1"]
[WhiteElo "1812"]
[BlackElo "2352"]
[PlyCount "52"]
[EventDate "2022.09.28"]
[EventType "swiss"]
[EventRounds "6"]
[EventCountry "COL"]
[SourceTitle "CBM 210 Extra"]
[Source "ChessBase"]
[SourceDate "2022.11.30"]
[SourceVersion "1"]
[SourceVersionDate "2022.11.30"]
[SourceQuality "1"]

1. d4 Nf6 2. Nf3 g6 3. Bg5 Bg7 4. e3 0-0 5. Bd3 c5 6. c3 b6 7. Nbd2 Bb7 8. 0-0 Nc6 9. h3 d5 10. Re1 Nd7 11. e4 dxe4 12. Nxe4 cxd4 13. Nxd4 Nxd4 14. cxd4 Nf6 15. Nc3 h6 16. Bxf6 Bxf6 17. Be4 Bxe4 18. Rxe4 Qd6 19. Qf3 Rad8 20. Rae1 Qb4 21. R1e2 Rxd4 22. Rxd4 Qxd4 23. Nd5 Kg7 24. g3 Rc8 25. Nxe7 Qd1+ 26. Kh2 Bxe7 0-1

[Event "COL Subzt 2.3.4"]
[Site "Risarald"]
[Date "2021.11.24"]
[Round "2"]
[White "Hernandez, Jeronimo"]
[Black "Tobar Beltran, Carlos Andres"]
[Result "1/2-1/2"]
[WhiteElo "2171"]
[BlackElo "1918"]
[PlyCount "102"]
[EventDate "2021.11.23"]
[EventType "swiss"]
[EventRounds "9"]
[EventCountry "COL"]
[SourceTitle "CBM 205 Extra"]
[Source "ChessBase"]
[SourceDate "2022.01.31"]
[SourceVersion "1"]
[SourceVersionDate "2022.01.31"]
[SourceQuality "1"]

1. d4 e6 2. Nf3 f5 3. g3 b6 4. Bg2 Bb7 5. 0-0 Nf6 6. c4 Be7 7. Nc3 0-0 8. d5 Na6 9. Nd4 Bc5 10. e4 fxe4 11. dxe6 dxe6 12. Nxe6 Qxd1 13. Rxd1 Rfe8 14. Nxc5 Nxc5 15. Be3 Ne6 16. Bh3 Kf7 17. Nd5 Rac8 18. Nf4 Nxf4 19. Bxf4 Rcd8 20. Bxc7 Rxd1+ 21. Rxd1 Bc8 22. Bf1 Ng4 23. Bf4 e3 24. Bxe3 Nxe3 25. fxe3 Rxe3 26. Kf2 Re6 27. Rd4 Ke7 28. Bg2 Rh6 29. h4 Be6 30. Bf3 Rf6 31. Ke3 h6 32. b4 b5 33. cxb5 Bxa2 34. Bc6 Re6+ 35. Kf4 Rf6+ 36. Ke3 Re6+ 37. Kf3 Rf6+ 38. Rf4 Rxf4+ 39. Kxf4 Kf6 40. Ke4 Ke6 41. Kd4 Kd6 42. Be4 Bb3 43. Bd3 Bd5 44. Bh7 Bb3 45. Bd3 Bd5 46. Bc4 Bg2 47. g4 g5 48. hxg5 hxg5 49. Be2 Bb7 50. Bd3 Bf3 51. Bf5 Be2 1/2-1/2

[Event "COL Subzt 2.3.4"]
[Site "Risarald"]
[Date "2021.11.23"]
[Round "1"]
[White "Tobar Beltran, Carlos Andres"]
[Black "Bejarano Lopez, Andres Felipe"]
[Result "1-0"]
[WhiteElo "1918"]
[BlackElo "1479"]
[PlyCount "55"]
[EventDate "2021.11.23"]
[EventType "swiss"]
[EventRounds "9"]
[EventCountry "COL"]
[SourceTitle "CBM 205 Extra"]
[Source "ChessBase"]
[SourceDate "2022.01.31"]
[SourceVersion "1"]
[SourceVersionDate "2022.01.31"]
[SourceQuality "1"]

1. d4 f5 2. Nf3 Nf6 3. Bf4 g6 4. h4 Bg7 5. e3 d6 6. Bc4 h6 7. c3 c6 8. Qb3 d5 9. Bd3 Nbd7 10. Be5 0-0 11. Nbd2 Kh7 12. Bxf6 Bxf6 13. h5 e5 14. hxg6+ Kxg6 15. dxe5 Nxe5 16. Nxe5+ Bxe5 17. Nf3 Bf6 18. g4 Bg5 19. 0-0-0 Qe7 20. Nd4 Kf7 21. Nxf5 Bxf5 22. Bxf5 Ke8 23. Kb1 Kd8 24. c4 Kc7 25. cxd5 Rad8 26. d6+ Rxd6 27. Rxd6 Qxd6 28. Rd1 1-0

[Event "South America-ch U20"]
[Site "Guayaquil"]
[Date "2021.11.06"]
[Round "8"]
[White "Gonzalez Loaiza, Roberth Alberto"]
[Black "Tobar Beltran, Carlos Andres"]
[Result "1-0"]
[WhiteElo "1586"]
[BlackElo "1918"]
[PlyCount "37"]
[EventDate "2021.11.02"]
[EventType "swiss"]
[EventRounds "9"]
[EventCountry "ECU"]
[SourceTitle "CBM 205 Extra"]
[Source "ChessBase"]
[SourceDate "2022.01.31"]
[SourceVersion "1"]
[SourceVersionDate "2022.01.31"]
[SourceQuality "1"]

1. d4 e6 2. c4 f5 3. Nc3 Nf6 4. Bg5 Bb4 5. Qc2 b6 6. f3 Bb7 7. e3 d6 8. Bd3 Nbd7 9. Nge2 Qe7 10. 0-0-0 h6 11. Bxf6 Nxf6 12. Qa4+ Nd7 13. Qxb4 a5 14. Qa4 0-0 15. Nf4 Rfe8 16. Qc2 Qf7 17. Nfe2 c6 18. e4 Rf8 19. exf5 1-0

[Event "South America-ch U20"]
[Site "Guayaquil"]
[Date "2021.11.06"]
[Round "7"]
[White "Tobar Beltran, Carlos Andres"]
[Black "Viscaino Yanez, Jhonny Cesar"]
[Result "0-1"]
[WhiteElo "1918"]
[BlackElo "1830"]
[PlyCount "118"]
[EventDate "2021.11.02"]
[EventType "swiss"]
[EventRounds "9"]
[EventCountry "ECU"]
[SourceTitle "CBM 205 Extra"]
[Source "ChessBase"]
[SourceDate "2022.01.31"]
[SourceVersion "1"]
[SourceVersionDate "2022.01.31"]
[SourceQuality "1"]

1. d4 Nf6 2. Bf4 b6 3. Nf3 Bb7 4. e3 e6 5. Nbd2 Bd6 6. Bxd6 cxd6 7. Bd3 d5 8. 0-0 0-0 9. c4 d6 10. Rc1 Nbd7 11. Qb3 Ne4 12. cxd5 Bxd5 13. Qc2 Nef6 14. e4 Bb7 15. e5 dxe5 16. dxe5 Nc5 17. exf6 Qxd3 18. b4 Qxc2 19. Rxc2 Nd3 20. Rc7 Bxf3 21. Nxf3 gxf6 22. a3 Rfc8 23. Rd7 Nf4 24. h3 Rc3 25. a4 Nxh3+ 26. gxh3 Rxf3 27. Rc1 a5 28. b5 Rxh3 29. Rcc7 Rf8 30. Rb7 Rh4 31. Rxb6 Rxa4 32. Ra6 Rb8 33. Raa7 Rxb5 34. Rxf7 Rg4+ 35. Kf1 a4 36. Rfe7 Rb8 37. Rxe6 f5 38. Rf6 Rf8 39. Rb6 Rf7 40. Rb8+ Kg7 41. Raa8 Re4 42. Rg8+ Kf6 43. Ra5 h5 44. Ra6+ Ke5 45. Rg5 h4 46. Rh5 Rd7 47. Ra5+ Rd5 48. Rxf5+ Kxf5 49. Rxd5+ Kf4 50. Kg2 Rb4 51. Rd3 Ke4 52. Rh3 Kd5 53. Rf3 Rd4 54. Kh3 Kc4 55. Rf8 a3 56. f4 a2 57. Ra8 Kb3 58. Kxh4 Rxf4+ 59. Kg3 Ra4 0-1

[Event "South America-ch U20"]
[Site "Guayaquil"]
[Date "2021.11.03"]
[Round "2"]
[White "Garzon Zapatanga, Christopher Leonel"]
[Black "Tobar Beltran, Carlos Andres"]
[Result "1/2-1/2"]
[WhiteElo "1795"]
[BlackElo "1918"]
[PlyCount "59"]
[EventDate "2021.11.02"]
[EventType "swiss"]
[EventRounds "9"]
[EventCountry "ECU"]
[SourceTitle "CBM 205 Extra"]
[Source "ChessBase"]
[SourceDate "2022.01.31"]
[SourceVersion "1"]
[SourceVersionDate "2022.01.31"]
[SourceQuality "1"]

1. e4 e6 2. d4 d5 3. e5 c5 4. c3 Nc6 5. Nf3 Nge7 6. Bd3 Nf5 7. Bxf5 exf5 8. dxc5 Bxc5 9. 0-0 Be6 10. Nbd2 0-0 11. Nb3 Bb6 12. Bf4 Re8 13. Re1 Rc8 14. Rc1 d4 15. Nbxd4 Nxd4 16. Nxd4 Bxd4 17. Qxd4 Qxd4 18. cxd4 Rcd8 19. Be3 Bxa2 20. Ra1 Be6 21. Rxa7 f4 22. Bxf4 Rxd4 23. Bg3 Rb4 24. Re2 h6 25. h3 Rd8 26. Kh2 Rd3 27. Ra3 Rxa3 28. bxa3 Rb3 29. Re3 Rxe3 30. fxe3 1/2-1/2

[Event "Manizales Las Americas blitz op"]
[Site "Manizales"]
[Date "2021.10.23"]
[Round "7"]
[White "Tobar Beltran, Carlos Andres"]
[Black "Leiva Rodriguez, Jeammarco Giuseppe"]
[Result "0-1"]
[WhiteElo "1898"]
[BlackElo "2355"]
[PlyCount "116"]
[EventDate "2021.10.23"]
[EventType "swiss (blitz)"]
[EventRounds "11"]
[EventCountry "COL"]
[SourceTitle "CBM 205 Extra"]
[Source "ChessBase"]
[SourceDate "2022.01.31"]
[SourceVersion "1"]
[SourceVersionDate "2022.01.31"]
[SourceQuality "1"]

1. d4 Nf6 2. Bf4 d6 3. e3 Nbd7 4. Nf3 Nh5 5. Bg3 g6 6. Nbd2 Bg7 7. c3 b6 8. Bd3 Bb7 9. 0-0 Nxg3 10. hxg3 0-0 11. e4 e6 12. Qe2 Qe7 13. Rae1 a5 14. Nc4 a4 15. b3 axb3 16. axb3 Ra7 17. Rb1 Rfa8 18. Rb2 Qd8 19. Re1 Ra1 20. Rbb1 R8a2 21. Qe3 Qa8 22. e5 dxe5 23. Nfxe5 Nxe5 24. Nxe5 Rxb1 25. Rxb1 Ra1 26. Qe1 Rxb1 27. Qxb1 Bxg2 28. Qd1 Bxe5 29. dxe5 Bd5 30. c4 Bc6 31. Be2 Qe8 32. Qd2 Bb7 33. Qd4 Bc6 34. f3 Qd7 35. Qxd7 Bxd7 36. Kf2 g5 37. Ke3 Kg7 38. Bd3 h6 39. Be2 f6 40. Kd4 c5+ 41. Ke4 Bc6+ 42. Ke3 fxe5 43. f4 exf4+ 44. gxf4 Kf6 45. Bg4 e5 46. fxg5+ Kxg5 47. Be6 h5 48. Bf7 h4 49. Be6 Bg2 50. Kf2 Be4 51. Ke3 Bc2 52. b4 cxb4 53. Kd2 Bf5 54. Bd5 Kf4 55. Ke2 e4 56. Kf2 e3+ 57. Ke2 h3 58. Bc6 b3 0-1

[Event "Manizales Las Americas op-B"]
[Site "Manizales"]
[Date "2021.10.17"]
[Round "7"]
[White "Tobar Beltran, Carlos Andres"]
[Black "Tobar Beltran, Jorge Esteban"]
[Result "1/2-1/2"]
[WhiteElo "1776"]
[BlackElo "1877"]
[PlyCount "20"]
[EventDate "2021.10.14"]
[EventType "swiss"]
[EventRounds "9"]
[EventCountry "COL"]
[SourceTitle "EXT 2023"]
[Source "ChessBase"]
[SourceDate "2022.10.05"]
[SourceVersion "1"]
[SourceVersionDate "2022.10.05"]
[SourceQuality "1"]

1. c4 g6 2. Nc3 Bg7 3. d4 c5 4. Nf3 cxd4 5. Nxd4 Nf6 6. e4 d6 7. Be2 0-0 8. 0-0 Nc6 9. Be3 Bd7 10. Rc1 a6 1/2-1/2

[Event "COL-chT 21st"]
[Site "Cartagena"]
[Date "2019.11.30"]
[Round "5.4"]
[White "Tobar Beltran, Carlos Andres"]
[Black "Gomez Barrero, Sergio"]
[Result "1/2-1/2"]
[WhiteElo "1781"]
[BlackElo "2010"]
[PlyCount "53"]
[EventDate "2019.11.30"]
[EventType "team-swiss"]
[EventRounds "9"]
[EventCountry "COL"]
[SourceTitle "CBM 195 Extra"]
[Source "ChessBase"]
[SourceDate "2020.05.31"]
[SourceVersion "1"]
[SourceVersionDate "2020.05.31"]
[SourceQuality "1"]
[WhiteTeam "Cauca"]
[BlackTeam "Caqueta"]
[WhiteTeamCountry "COL"]
[BlackTeamCountry "COL"]

1. d4 d5 2. Bf4 e6 3. e3 Bd6 4. Bg3 Nf6 5. Nd2 c6 6. Ngf3 h6 7. Bd3 Qc7 8. Ne5 Nbd7 9. f4 c5 10. c3 c4 11. Bc2 h5 12. Bh4 b5 13. a3 Bb7 14. Ndf3 Bxe5 15. Nxe5 Nxe5 16. fxe5 Ne4 17. Qe2 g5 18. Bxe4 gxh4 19. Bf3 h3 20. gxh3 Qe7 21. Rf1 Qh4+ 22. Kd2 a5 23. Bg2 Rg8 24. Qf3 Qe7 25. Rf2 h4 26. Raf1 b4 27. Bh1 1/2-1/2